LEADER 01188nam a2200277 i 4500 001 000000253920 003 CaOOAMICUS 005 20170419000000.0 008 170419s1991 it u000 u ita u 013 $a232825 020 $a88-213-0224-5 040 $aSeMil$bita 100 1 $aGroppo, Giuseppe,$c.$0(OLS)http://semarc/name/29190 245 10$aTeologia dell'educazione :$borigine, identità, compiti /$cGiuseppe Groppo. 260 $aRoma :$bLAS,$c1991. 300 $a504 p. ;$c24 cm. 490 0 $aEnciclopedia delle scienze dell'educazione ;$v7 650 4$aTeologia e educazione.$0(OLS)http://semarc/subject/14626 650 4$aTeologia dell'educazione.$0(OLS)http://semarc/subject/46853 830 0$aEnciclopedia delle scienze dell'educazione ;$v7.$0(OLS)http://semarc/title/7575 850 $aSeMil 852 $aSeMil$W1$xVenegono$y1$m2C VI 231$j204266$B204266$CSeMilBibl$Z2$F218144 $81 961 $aOmaggio: Lorenzi don Ugo 996 $6020$a88-213-0224-5$9(OLS)http://semarc/number/276920 996 $6245$aTeologia dell'educazione :$borigine, identità, compiti$9(OLS)http://semarc/title/410784 996 $6260$aRoma :$bLAS$9(OLS)http://semarc/publisher/29900 LEADER 00766nam a2200193 i 4500 001 000000213891 003 CaOOAMICUS 005 20120613000000.0 008 120613s1830 it u000 u ita u 013 $a192746 026 $atir- i?ne 8.i. (1Cr (3) 1830 (R) 040 $aSeMil$bita 245 10$aTomo 2. 300 $a480 p. 650 4$aCatechismus Romanus.$0(OLS)http://semarc/subject/1957 773 0 $tCatechismo romano decretato dal sacro Concilio di Trento. Traduzione in forma di dialogo di Francesco Andreoletti sacerdote del cantone Ticino. Tomo 1. [-4.].$dMilano : Pogliani, 1830.$g2$w()12017 850 $aSeMil 852 $aSeMil$W1$xVenegono$y1$m2A I 14 FA$j164319$B164319$CSeMilBibl$Z2$F175353 $8I 996 $6245$aTomo 2$9(OLS)http://semarc/title/49331